[Event "Prague Festival Masters 2019"]
[Site "Prague"]
[Date "2019.03.13"]
[Round "7.2"]
[White "Gelfand, Boris"]
[Black "Rapport, Richard"]
[Result "1/2-1/2"]
[WhiteElo "2655"]
[BlackElo "2738"]
[Annotator "TA"]
[PlyCount "102"]
[EventDate "2019.03.06"]
[EventType "tourn"]
[EventCountry "CZE"]
[SourceTitle "playchess.com"]
[Source "ChessBase"]
[SourceQuality "1"]

{[%evp 9,102,41,34,18,44,16,26,6,11,21,34,27,34,25,25,28,31,39,34,37,31,31,39,37,35,35,32,29,28,27,22,27,35,38,34,0,6,9,51,43,81,77,95,81,88,88,94,87,112,87,113,66,66,62,71,73,75,72,67,66,68,70,68,83,81,26,26,26,23,37,30,23,23,23,23,23,23,23,23,0,16,0,24,0,0,0,0,0,0,0,0,0,0,0,0]} 1. d4 Nf6 2. c4 c6 3. Nf3 b5 (3... d5 4. Qc2 dxc4 5. Qxc4 Bg4 6. Nbd2 Nbd7 7. g3 e6 8. Bg2 Bd6 9. Qb3 Nb6 10. O-O O-O 11. Re1 a5 12. e4 a4 13. Qc3 Re8 14. a3 {1-0 (64) Yu,Y (2764)-Kovalenko,I (2657) St Petersburg 2018}) 4. c5 d6 5. cxd6 exd6 {LiveBook: 5 Games} 6. Bf4 $146 {A50: Queen's Fianchetto Defence (1 d4 Nf6 2 c4 b6)} ({Predecessor:} 6. Nbd2 g6 7. a4 b4 8. e4 Bg7 9. Be2 O-O 10. O-O Re8 11. e5 {½-½ (26) Pashikian,A (2578)-Gabuzyan,H (2571) Yerevan 2018}) 6... Nh5 7. Bg5 (7. Bd2 {feels hotter.} d5 8. Qc2 Bb7 9. Bg5 f6 10. Bh4) 7... Be7 8. Bxe7 {White has an edge.} Qxe7 9. e3 O-O 10. Be2 Nf6 11. O-O Bb7 12. Nbd2 Nbd7 13. Re1 a6 14. a4 Nb6 15. axb5 cxb5 16. Bd3 Ne4 17. Nxe4 Bxe4 18. Bxe4 Qxe4 19. Qb3 Qd5 20. Qb4 Rfc8 21. e4 Qc6 22. b3 Nd7 23. h3 Nf6 24. d5 Qb6 25. Qd4 $36 {[%mdl 2048] White is in control.} Qd8 26. Qd3 Nd7 27. Nd4 Qf6 28. Qd2 g6 29. f4 Re8 30. Re2 a5 31. Rf1 a4 32. Nxb5 {Black must now prevent Nc7.} Reb8 33. bxa4 Rxa4 34. Nc3 Qd4+ $1 35. Qxd4 Rxd4 36. e5 Rd3 {[#]} 37. Rf3 (37. e6 $1 $16 {[%cal Re6d7]} Nb6 38. Rf3 Rxf3 39. gxf3) 37... Rxf3 $11 38. gxf3 {[%mdl 4096] Endgame KRN-KRN} Kf8 39. exd6 Rb6 40. Ne4 {Hoping for Rc2.} f5 41. Ng5 Rxd6 42. Nxh7+ Kf7 43. Ng5+ Kf6 44. Nh7+ Kf7 45. Ng5+ (45. Kf2 {keeps more tension.} Nb6 46. Ra2 Kg8 47. Ra7 Nxd5 48. Kg3) 45... Kf6 46. Re6+ (46. Ra2 {is interesting.} Ke7 47. Kf2 Nb6 48. Ra7+ Nd7 49. Rb7) 46... Rxe6 {The position is equal.} 47. Nxe6 Ke7 48. Nd4 Kd6 49. Nc6 Nf8 50. Kf2 Kxd5 51. Ne5 Ke6 {Precision: White = 67%, Black = 73%.} 1/2-1/2

[Event "Prague Festival Masters 2019"]
[Site "Prague"]
[Date "2019.03.13"]
[Round "7.3"]
[White "Harikrishna, Pentala"]
[Black "Vidit, Santosh Gujrathi"]
[Result "1/2-1/2"]
[WhiteElo "2730"]
[BlackElo "2711"]
[Annotator "TA"]
[PlyCount "63"]
[EventDate "2019.03.06"]
[EventType "tourn"]
[EventCountry "CZE"]
[SourceTitle "playchess.com"]
[Source "ChessBase"]
[SourceQuality "1"]

{[%evp 15,63,24,57,33,28,10,22,0,21,29,39,12,25,28,27,28,20,27,24,34,44,39,41,56,53,4,13,10,10,7,11,11,27,9,10,4,4,0,0,0,0,0,0,-2,10,0,0,0,0,0]} 1. e4 e5 2. Nf3 Nc6 3. Bc4 Bc5 4. c3 Nf6 5. d3 O-O 6. O-O d5 7. exd5 Nxd5 8. Re1 Bg4 9. h3 {C54: Giuoco Piano: 4 c3 Nf6, main lines with 5 d4 and 5 d3} (9. Nbd2 Nb6 10. h3 Bh5 11. Bb3 Kh8 12. Ne4 Bd6 13. g4 Bg6 14. d4 exd4 15. Nxd4 Nxd4 16. Qxd4 Be7 {1-0 (48) Giri,A (2783)-Inarkiev,E (2693) St Petersburg 2018}) 9... Bh5 10. a4 a5 11. Nbd2 Nb6 12. Bb5 Bd6 13. Ne4 Na7 14. d4 exd4 15. Nxd6 Qxd6 16. Qxd4 Nxb5 17. axb5 Qxd4 18. Nxd4 {[#]} Bg6 $146 19. Bf4 Rfc8 20. b3 c5 21. bxc6 bxc6 22. c4 a4 23. bxa4 {aiming for a5.} c5 24. Nb5 {[#] And now a5 would win.} Rxa4 {The position is equal.} 25. Nd6 Rd8 26. Rac1 f6 27. Re7 Nc8 28. Nxc8 Rxc8 29. g4 Rca8 30. Kg2 Ra1 31. Rxa1 Rxa1 32. Be3 {Accuracy: White = 67%, Black = 73%.} 1/2-1/2

[Event "Prague Festival Masters 2019"]
[Site "Prague"]
[Date "2019.03.13"]
[Round "7.4"]
[White "Shankland, Samuel"]
[Black "Wojtaszek, Radoslaw"]
[Result "1/2-1/2"]
[WhiteElo "2731"]
[BlackElo "2722"]
[Annotator "TA"]
[PlyCount "82"]
[EventDate "2019.03.06"]
[EventType "tourn"]
[EventCountry "CZE"]
[SourceTitle "playchess.com"]
[Source "ChessBase"]
[SourceQuality "1"]

{[%evp 19,82,25,23,25,18,17,21,22,20,16,22,20,31,24,30,29,34,9,31,0,0,0,9,-12,0,-31,-19,-8,0,0,0,0,0,0,0,0,0,0,0,0,0,0,0,0,0,0,0,0,0,0,0,0,0,0,0,0,0,0,0,0,0,0,0,0,0]} 1. e4 e5 2. Nf3 Nc6 3. Bb5 a6 4. Ba4 Nf6 5. O-O Be7 6. Re1 b5 7. Bb3 O-O 8. h3 Bb7 9. d3 d6 10. a3 Nb8 {[%cal Bc6b8,Bb8d7,Bd7c5][%mdl 32]} 11. Nbd2 {[%cal Bb1d2,Bd2f1,Bf1g3,Bg3f5][%mdl 32] C88: Closed Ruy Lopez: Anti-Marshall Systems} Nbd7 12. Nf1 Nc5 13. Ba2 Ne6 14. Ng3 Re8 15. Ng5 Bc8 16. Qf3 h6 17. Nxe6 $1 Bxe6 18. Nf5 Bf8 {[#]} 19. g4 $146 ({Predecessor:} 19. Bxe6 fxe6 {½-½ (60) Anand,V (2782)-Kramnik,V (2770) Dortmund 2004}) 19... Bxa2 20. Rxa2 Re6 21. c3 d5 22. b3 Qd7 23. exd5 {The position is equal.} Qxd5 24. Qxd5 Nxd5 25. c4 Nf4 26. Bxf4 exf4 27. Rxe6 fxe6 $11 {[%mdl 4096] Endgame KRB-KRN} 28. Nd4 Rd8 29. Nxe6 Rxd3 {[%mdl 64] [#] Double Attack} 30. cxb5 axb5 31. Nxf8 Kxf8 {KR-KR} 32. a4 Rxb3 33. a5 {[#] And now a6 would win.} Rd3 34. a6 Rd8 35. Rc2 Ra8 36. Rxc7 {Threatens to win with a7.} Rxa6 37. Rb7 Ra1+ 38. Kg2 Rb1 39. h4 Rb3 40. h5 b4 41. Kh2 Rb2 {Accuracy: White = 79%, Black = 58%.} 1/2-1/2

[Event "Prague Festival Masters 2019"]
[Site "Prague"]
[Date "2019.03.13"]
[Round "7.5"]
[White "Vitiugov, Nikita"]
[Black "Duda, Jan-Krzysztof"]
[Result "1-0"]
[WhiteElo "2726"]
[BlackElo "2731"]
[Annotator "TA"]
[PlyCount "83"]
[EventDate "2019.03.06"]
[EventType "tourn"]
[EventCountry "CZE"]
[SourceTitle "playchess.com"]
[Source "ChessBase"]
[SourceQuality "1"]

{[%evp 18,82,21,12,30,24,39,35,27,25,35,8,28,38,73,64,63,0,33,12,41,37,71,70,150,49,56,50,51,47,53,34,235,216,279,279,279,276,273,274,260,253,404,397,580,580,571,568,539,470,408,422,1774,1786,976,875,854,842,820,786,29994,29995,29995,29996,29996,29997,29999]} 1. e4 c5 2. Nf3 d6 3. d4 cxd4 4. Nxd4 Nf6 5. Nc3 a6 6. a4 g6 7. Be2 Bg7 8. Be3 Nc6 9. O-O O-O 10. Qd2 Nxd4 {B90: Sicilian Najdorf: Unusual White 6th moves, 6 Be3 Ng4 and 6 Be3 e5} 11. Bxd4 Be6 12. a5 Rc8 {White is slightly better.} 13. Ra4 $146 ({Predecessor:} 13. Rfd1 Qc7 14. h3 Rfe8 15. Ra3 Nd7 16. Bxg7 Kxg7 17. Qd4+ Kg8 18. Rd2 {0-1 (85) Adams,M (2715)-Nepomniachtchi,I (2729) London 2017}) 13... Rc6 14. f4 Qd7 {[#] aiming for ...Rxc3!} (14... Bd7 $5 {[%cal Rc6c3]} 15. Ra3 e5 $11) 15. Rb4 Rfc8 16. Bd3 Bc4 17. h3 (17. f5 $14) 17... Bxd3 18. Qxd3 e5 19. Be3 {fxe5 is the strong threat.} exf4 20. Bxf4 Qc7 {[#]} (20... h6 $14) 21. Kh1 (21. Be3 $1 $16) 21... b5 $14 22. axb6 Rxb6 23. Rxb6 Qxb6 24. Bxd6 {Black must now prevent e5.} Qxb2 $2 (24... Ne8 $14 25. e5 Qxb2) 25. Nd5 $18 Rxc2 26. Ba3 {White threatens Ne7+ and mate.} ({But not} 26. Qxa6 $6 Ne8 $18) 26... Qb5 27. Nxf6+ Bxf6 28. Qxb5 axb5 29. Rxf6 {[%mdl 4096] Endgame KRB-KR} b4 (29... Re2 $142 30. Rb6 Rxe4 31. Rxb5 Kg7 32. Bb2+ Kf8) 30. Bxb4 Rc1+ (30... Rc4 $142 31. Rb6 Rxe4) 31. Kh2 Rc4 32. Rb6 Rxe4 33. Bc3 {Rb8+ would kill now.} Re8 34. Bf6 h6 (34... Kf8 $142 35. g4 Re4) 35. h4 Kh7 36. Rd6 Re4 37. g3 {Intending Rd8 and mate.} Re2+ 38. Kg1 {White wants to mate with Rd8.} Re3 39. Rd8 {[%csl Gf6][%cal Rd8h8] White mates.} g5 40. h5 {[%csl Gf6][%cal Rd8h8]} Rxg3+ 41. Kf2 {[%csl Gf6][%cal Rd8h8]} g4 42. Rh8# {Accuracy: White = 74%, Black = 23%.} 1-0

[Event "Prague Festival Masters 2019"]
[Site "Prague"]
[Date "2019.03.14"]
[Round "8.1"]
[White "Laznicka, Viktor"]
[Black "Gelfand, Boris"]
[Result "1/2-1/2"]
[WhiteElo "2670"]
[BlackElo "2655"]
[Annotator "TA"]
[PlyCount "68"]
[EventDate "2019.03.06"]
[EventType "tourn"]
[EventCountry "CZE"]
[SourceTitle "playchess.com"]
[Source "ChessBase"]
[SourceQuality "1"]

{[%evp 15,68,0,0,0,0,0,0,0,0,-2,0,-7,0,0,15,15,15,12,8,20,22,7,8,6,3,-28,-27,-28,-22,-41,-54,-120,0,0,0,0,0,0,0,0,0,0,0,0,0,0,0,0,0,0,0,0,0,0,0]} 1. c4 c5 2. Nf3 Nc6 3. Nc3 Nf6 4. e3 e6 5. d4 d5 6. a3 dxc4 7. Bxc4 a6 8. O-O b5 9. Bd3 {D40: Queen's Gambit Declined: Semi-Tarrasch with 5 e3} (9. Ba2 Bb7 10. Qe2 Qc7 11. Bd2 Rd8 12. dxc5 Bxc5 13. Rac1 Bd6 14. Bb1 Qb8 15. Ne4 Nxe4 16. Bxe4 Ne7 17. Bxb7 Qxb7 18. Ba5 {½-½ (67) Gelfand,B (2673)-Svidler,P (2737) St Petersburg 2018}) 9... cxd4 10. exd4 Be7 11. Bg5 Bb7 12. Re1 O-O 13. Qd2 Na5 $146 {[#] And now ...Bxf3 would win.} ({Predecessor:} 13... g6 14. Bc2 Na5 15. Ne5 Nd5 16. Bxe7 Nxe7 17. Qh6 Nf5 18. Bxf5 exf5 19. d5 Qd6 20. Re3 {1-0 (30) Manolache,M (2521)-Soltanici,R (2421) Bucharest 2008}) 14. Qf4 Nh5 15. Qh4 Bxg5 16. Nxg5 g6 17. g4 $1 {[%cal Rg4h5]} h6 ({Don't blunder} 17... Qxd4 $2 18. Be4 $18) 18. gxh5 {Black must now prevent Nce4.} Qxg5+ 19. Qxg5 hxg5 20. d5 exd5 21. hxg6 Rae8 22. gxf7+ Kxf7 23. Rad1 (23. Be2 $15 Kf6 24. Rad1) 23... Nc4 ({Better is} 23... Rxe1+ $17 24. Rxe1 Nc4) 24. Rxe8 $1 $11 {The position is equal.} Rxe8 25. Bxc4 $1 dxc4 {[%mdl 4096] Endgame KRB-KRN} 26. Rd7+ Re7 27. Rxe7+ Kxe7 {KB-KN} 28. Kf1 Kd6 29. Ke2 Kc5 30. Ke3 a5 {[%cal Ba6a5,Ba5b4][%mdl 32]} 31. f4 gxf4+ 32. Kxf4 b4 33. axb4+ axb4 34. Ne2 Bc6 {Accuracy: White = 74%, Black = 54%.} 1/2-1/2

[Event "Prague Festival Masters 2019"]
[Site "Prague"]
[Date "2019.03.14"]
[Round "8.2"]
[White "Harikrishna, Pentala"]
[Black "Navara, David"]
[Result "1/2-1/2"]
[WhiteElo "2730"]
[BlackElo "2739"]
[Annotator "TA"]
[PlyCount "85"]
[EventDate "2019.03.06"]
[EventType "tourn"]
[EventCountry "CZE"]
[SourceTitle "playchess.com"]
[Source "ChessBase"]
[SourceQuality "1"]

{[%evp 15,85,19,14,9,16,16,14,23,18,0,7,0,0,0,0,-7,0,-17,-25,-22,-22,-26,-45,-45,-43,-32,-36,-35,-12,-42,-33,-39,-32,-39,-15,-25,0,0,0,0,0,0,8,8,22,0,0,0,0,0,0,0,9,0,0,0,0,0,0,0,0,0,0,0,0,0,0,0,0,0,0,0]} 1. e4 c5 2. Nf3 d6 3. d4 cxd4 4. Nxd4 Nf6 5. Nc3 a6 6. Be3 Ng4 7. Bg5 h6 8. Bc1 {B90: Sicilian Najdorf: Unusual White 6th moves, 6 Be3 Ng4 and 6 Be3 e5} Nf6 {LiveBook: 49 Games} 9. Bd3 e5 10. Nde2 Nbd7 $146 ({Predecessor:} 10... Be7 11. O-O O-O 12. Ng3 Nbd7 13. a4 Nc5 14. Be2 Be6 15. Bf3 Rc8 {½-½ (66) Grischuk,A (2750)-Vachier Lagrave,M (2795) Moscow 2017}) 11. Ng3 Nc5 12. Be2 g6 13. Be3 h5 14. Bxc5 dxc5 15. Qxd8+ Kxd8 16. Nf1 Bh6 17. Rd1+ Ke7 18. Bc4 b5 19. Nd5+ Nxd5 20. Bxd5 Rb8 21. Ke2 Rd8 22. Nd2 c4 23. Nf3 Kf6 24. h3 a5 25. Bc6 Ba6 (25... Rxd1 {is more complex.} 26. Rxd1 Rb6 27. Bd5 Rd6 28. Ne1 Be6) 26. Rxd8 {The position is equal.} Rxd8 27. Rd1 Rxd1 28. Kxd1 $11 {[%mdl 4096] Endgame KBB-KBN} b4 29. c3 b3 30. a3 Bc8 31. Nd2 Be6 32. h4 Bxd2 (32... Ke7 {keeps more tension.} 33. Bb5 Bxd2 34. Kxd2 f6 35. g3 g5) 33. Kxd2 {KB-KB} g5 34. g3 gxh4 35. gxh4 Ke7 36. Ke3 Bd7 37. Bb7 Be6 38. Ba6 f6 39. Bb5 Bf7 40. Ba6 Kd7 41. f4 Be6 42. Bb5+ Ke7 43. Bc6 {Precision: White = 66%, Black = 72%.} 1/2-1/2

[Event "Prague Festival Masters 2019"]
[Site "Prague"]
[Date "2019.03.14"]
[Round "8.3"]
[White "Rapport, Richard"]
[Black "Shankland, Samuel"]
[Result "1/2-1/2"]
[WhiteElo "2738"]
[BlackElo "2731"]
[Annotator "TA"]
[PlyCount "96"]
[EventDate "2019.03.06"]
[EventType "tourn"]
[EventCountry "CZE"]
[SourceTitle "playchess.com"]
[Source "ChessBase"]
[SourceQuality "1"]

{[%evp 18,96,26,24,22,28,42,42,37,42,38,44,54,37,45,-7,16,20,21,13,11,0,14,-68,-57,-168,0,0,-12,-243,-256,-249,0,0,0,0,228,256,249,255,264,257,225,237,212,202,258,239,379,184,191,186,178,0,0,0,0,0,0,0,0,0,0,0,0,0,0,0,0,0,0,0,0,0,0,0,0,0,0,0,0]} 1. e4 c5 2. d3 Nc6 3. g3 g6 4. Bg2 Bg7 5. f4 e6 6. Nf3 Nge7 7. O-O d6 8. c3 O-O 9. Be3 b6 10. d4 d5 {B20: Sicilian: Unusual White 2nd moves} (10... Ba6 11. Re1 Rc8 12. Na3 Na5 13. Qd2 Qd7 14. Rad1 Rfd8 15. b3 cxd4 16. Bxd4 Qc7 17. Bxg7 Kxg7 18. c4 {0-1 (58) Amin,B (2643)-Leon Hoyos,M (2579) Istanbul 2012}) 11. e5 Nf5 12. Bf2 cxd4 {White is slightly better.} 13. cxd4 Ba6 14. Re1 Qd7 15. Qd2 $146 ({Predecessor:} 15. Nc3 Nb4 16. Bf1 Bxf1 17. Rxf1 Rfc8 18. g4 {½-½ (42) Smithers,S (2444)-Berecz,A ICCE-26 vs ICCF-1 1997}) 15... Rac8 16. Na3 (16. g4 $14 Nfe7 17. Na3) 16... Rc7 17. g4 Nfe7 18. Nc2 Rfc8 19. Ne3 Bh6 20. Bh4 (20. Bg3 $11) 20... Bxf4 $15 21. Ng5 {[#]} (21. Bf1 $15 Bxf1 22. Rxf1) 21... Nxe5 $1 {[%mdl 512]} 22. dxe5 $11 d4 (22... Bxe5 $6 23. Rad1 $14) 23. Ne4 $2 (23. Qf2 $1 $11 {and White stays safe.} Bxe3 24. Rxe3) 23... Qa4 $1 $19 24. Rad1 Bxe3+ $2 (24... Nd5 $1 $19 25. b3 Bxe3+ 26. Qxe3 Nxe3 27. bxa4 Nxd1 28. Rxd1 Rc1) 25. Rxe3 $11 dxe3 {[#]} 26. Qd8+ $1 {[%mdl 512]} Qe8 $2 (26... Rxd8 $11 27. Rxd8+ Kg7 28. Bf6+ Kh6 29. Bg5+ {[%mdl 64] Double Attack} Kg7 30. Bf6+ Kh6 31. Bg5+ {[%mdl 64] Double Attack} Kg7 32. Bf6+) 27. Nf6+ $18 Kf8 28. Bg5 $1 {[%cal Rg5h6]} Ng8 29. Qd6+ ({Weaker is} 29. Qxe8+ Rxe8 30. Nxe8 e2 $19) ({But not} 29. Nxe8 $6 Rxd8 30. Rxd8 (30. Bxd8 Rc8 $17) 30... Rc1+ 31. Bf1 Rxf1+ 32. Kg2 Rf2+ 33. Kg3 Rd2 $1 $16 {[%mdl 512]}) 29... Qe7 {Hoping for ...Qxd6.} 30. Nxh7+ Kg7 31. Bxe7 Nxe7 {[#]} 32. Ng5 $1 Be2 (32... e2 $142 33. Re1 Rc1) 33. Bf1 (33. Re1 $142 Rc1 34. h3 (34. Qb4 $2 a5 $19) 34... Rxe1+ 35. Kh2) 33... Bxg4 {aiming for ...Nf5.} 34. Re1 Nd5 {[#]} 35. Kg2 $2 (35. h4 $1 $18) 35... Rc1 $11 {The position is equal.} 36. Rxc1 Rxc1 37. Ba6 {Threatens to win with Qd7.} e2 38. Bxe2 $1 Bxe2 39. Qd7 {[%mdl 64] Double Attack} Rf1 $1 40. Nxe6+ Kh6 {( -> ...Ne3+)} 41. Qxd5 Bf3+ 42. Qxf3 $1 Rxf3 43. Kxf3 fxe6 {KP-KP} 44. Kg4 $1 g5 45. h4 gxh4 46. Kxh4 Kg6 47. Kg4 a5 48. a4 Kh6 $1 {Accuracy: White = 48%, Black = 62%.} 1/2-1/2

[Event "Prague Festival Masters 2019"]
[Site "Prague"]
[Date "2019.03.14"]
[Round "8.4"]
[White "Vidit, Santosh Gujrathi"]
[Black "Duda, Jan-Krzysztof"]
[Result "1/2-1/2"]
[WhiteElo "2711"]
[BlackElo "2731"]
[Annotator "TA"]
[PlyCount "110"]
[EventDate "2019.03.06"]
[EventType "tourn"]
[EventCountry "CZE"]
[SourceTitle "playchess.com"]
[Source "ChessBase"]
[SourceQuality "1"]

{[%evp 9,110,12,58,54,43,48,55,31,50,32,45,18,36,25,43,22,29,16,26,18,22,35,52,24,25,20,46,28,33,19,27,0,58,25,42,0,0,0,5,-6,0,0,16,9,14,3,15,12,91,45,76,25,22,23,20,20,25,0,0,0,0,0,0,0,0,-4,-4,-4,-7,-8,-4,-4,-4,-4,-4,-5,-6,-8,0,0,0,0,0,0,0,0,0,0,0,-8,-8,-8,-8,-8,-8,-8,0,0,8,0,0,0,0]} 1. e4 c5 2. Nf3 d6 3. d4 cxd4 4. Qxd4 Nf6 5. Be2 (5. Bb5+ Bd7 6. c4 g6 7. Nc3 Bg7 8. O-O O-O 9. Qd3 a6 10. Bxd7 Nbxd7 11. Qe2 Rc8 12. Bd2 Ng4 {½-½ (87) Alekseev,E (2639)-Nepomniachtchi,I (2763) St Petersburg 2018}) 5... e6 6. c4 $146 {B53: Sicilian: 2...d6: Lines with Qxd4} ({Predecessor:} 6. O-O Be7 7. Bb5+ Nc6 8. Qd3 O-O 9. c4 Qc7 10. a3 a6 11. Ba4 {0-1 (75) Herzog,R-Jastroch,B (1801) Mainz Laubenheim 2002}) 6... Be7 7. O-O b6 8. Nc3 {White is slightly better.} Bb7 9. Rd1 O-O 10. b3 Nbd7 11. Bb2 a6 12. h3 Qc7 13. Rac1 Rad8 14. b4 Ba8 15. a3 Qb7 16. Bf1 h6 17. Re1 Rfe8 18. Qe3 Qb8 19. Nd4 Rc8 20. f4 Bf8 (20... Bd8 $11) 21. Nf3 a5 22. Kh1 Nh5 23. Bd3 axb4 24. axb4 d5 25. cxd5 Qxf4 26. Qxf4 Nxf4 27. Bb5 Red8 28. Na4 Bb7 (28... Rxc1 $11 {remains equal.} 29. Bxc1 (29. Rxc1 exd5 30. e5 d4 $15) 29... Ng6) 29. Bxd7 Rxc1 $1 30. Rxc1 (30. Bxc1 $16 Nd3 31. Re3 (31. Nxb6 Nxe1 32. Nxe1 exd5 $14) 31... Nxc1 32. dxe6) 30... Rxd7 $11 31. Ne5 Rd8 32. Rc7 Ba6 $1 33. Rxf7 Nd3 {[#] aiming for ...Nxe5.The position is equal.} 34. dxe6 {Threatens to win with e7.} Nxb2 35. Nxb2 {e7 is the strong threat.} Re8 36. Ra7 Bb5 37. Nd7 (37. Ned3 {seems wilder.} g5 38. Rb7 Rxe6 39. Rb8 Kf7 40. Kg1) 37... Bxb4 38. Nxb6 Rxe6 {[%mdl 64] [#] Double Attack} 39. N6c4 Bxc4 40. Nxc4 Rxe4 {[%mdl 4096] Endgame KRB-KRN} 41. Rc7 h5 42. g3 Re2 43. Rb7 Bc3 44. Rb3 Bf6 45. Re3 Rc2 46. Ne5 Kh7 47. Nf3 Kg6 48. Kg1 Kf5 49. Kf1 g5 50. Re2 Rxe2 51. Kxe2 g4 52. hxg4+ Kxg4 53. Kf2 h4 54. Nxh4 Bxh4 55. gxh4 Kxh4 {Accuracy: White = 59%, Black = 60%.} 1/2-1/2

[Event "Prague Festival Masters 2019"]
[Site "Prague"]
[Date "2019.03.14"]
[Round "8.5"]
[White "Wojtaszek, Radoslaw"]
[Black "Vitiugov, Nikita"]
[Result "1/2-1/2"]
[WhiteElo "2722"]
[BlackElo "2726"]
[Annotator "TA"]
[PlyCount "50"]
[EventDate "2019.03.06"]
[EventType "tourn"]
[EventCountry "CZE"]
[SourceTitle "playchess.com"]
[Source "ChessBase"]
[SourceQuality "1"]

{[%evp 14,50,21,11,37,34,25,33,31,25,25,25,25,22,25,31,16,14,40,42,53,57,53,60,36,29,27,22,21,21,25,19,22,17,15,0,27,0,8]} 1. d4 Nf6 2. c4 e6 3. g3 d5 4. Bg2 dxc4 5. Nf3 Bd7 6. Ne5 Bc6 7. Nxc6 Nxc6 8. e3 Bb4+ {E04: Open Catalan: 5 Nf3} (8... Qd7 9. O-O Rd8 10. Qa4 Nb4 11. Qxd7+ Rxd7 12. Na3 c5 13. dxc5 Bxc5 14. Nxc4 O-O 15. Ne5 Rc7 16. a3 {½-½ (36) Piorun,K (2634)-Popov,I (2592) St Petersburg 2018}) 9. Nd2 e5 $146 ({Predecessor:} 9... O-O 10. O-O c3 11. bxc3 Bxc3 12. Rb1 Rb8 13. Bxc6 bxc6 14. Ba3 Re8 15. Rxb8 Qxb8 16. Nc4 {½-½ (38) Markus,R (2251)-Owens,J (2113) ICCF email 2016}) 10. O-O {Threatens to win with dxe5.} Bxd2 {White is slightly better.} 11. Bxd2 exd4 12. Rc1 O-O 13. Rxc4 Nd5 14. exd4 Qd7 15. Bg5 h6 16. Rc5 Nce7 17. Bxe7 $1 Nxe7 18. Bxb7 Rab8 19. Bg2 Rxb2 20. Qc1 $36 {[%mdl 2048] White has good play.} Qxd4 21. Rxc7 Ng6 22. Rc4 Qb6 23. Rc6 Qd4 24. Rc4 Qb6 25. Rc6 Qd4 {Accuracy: White = 85%, Black = 80%.} 1/2-1/2

[Event "Prague Festival Masters 2019"]
[Site "Prague"]
[Date "2019.03.15"]
[Round "9.1"]
[White "Shankland, Samuel"]
[Black "Laznicka, Viktor"]
[Result "1/2-1/2"]
[WhiteElo "2731"]
[BlackElo "2670"]
[Annotator "TA"]
[PlyCount "72"]
[EventDate "2019.03.06"]
[EventType "tourn"]
[EventCountry "CZE"]
[SourceTitle "playchess.com"]
[Source "ChessBase"]
[SourceQuality "1"]

{[%evp 15,72,18,37,18,26,19,16,0,6,2,20,15,27,16,16,17,22,9,26,14,16,12,20,16,16,16,11,14,17,10,16,12,15,2,5,5,6,0,0,0,0,2,6,0,0,0,0,0,0,0,0,0,5,3,3,12,27,0,0]} 1. d4 d5 2. c4 dxc4 3. Nf3 Nf6 4. e3 e6 5. Bxc4 c5 6. O-O a6 7. b3 Nbd7 8. Bb2 Be7 9. Be2 {D27: Queen's Gambit Accepted: Classical main line: 7 e4!? and 7 a4} (9. Nbd2 O-O 10. Bd3 b6 11. Rc1 Bb7 12. dxc5 Nxc5 13. Bb1 Rc8 14. Qe2 Ncd7 15. e4 Rxc1 16. Rxc1 Qb8 {½-½ (27) Zhak,B (2597)-Fagerstrom,B (2586) ICCF email 2015}) 9... b6 10. dxc5 $146 ({Predecessor:} 10. Ne5 Nxe5 11. dxe5 Nd5 12. Nd2 O-O 13. Nc4 Bb7 14. Qd3 Qc7 15. Nd6 Bc6 16. Rad1 f5 {½-½ (32) Hildebrand,G (2323)-Prozorovskij,V (2347) ICCF email 2016}) 10... Bxc5 11. Nd4 {Threatening Bf3.} (11. Nbd2 {looks sharper.} Bb7 12. Rc1 O-O 13. Nc4 Be7 14. Qd2) 11... Bb7 12. Bf3 Bxf3 13. Qxf3 O-O 14. Rd1 Ne5 15. Qe2 {[#] And now Nxe6! would win.} Qe7 16. Nd2 Rfc8 17. Rac1 Qe8 18. h3 h6 19. N4f3 Ned7 20. Ne5 Nxe5 21. Bxe5 Be7 22. Nc4 {[%cal Bd2c4,Bc4b2,Bb2d3][%mdl 32]} Rc6 23. Bxf6 gxf6 24. Nb2 Rxc1 25. Rxc1 Rc8 26. Rd1 b5 27. Nd3 Qc6 28. Rc1 (28. Qg4+ {seems wilder.} Kh7 29. g3 Rd8 30. Qh5 Kg8 31. Rc1) 28... Qb7 29. Rxc8+ Qxc8 30. e4 Qc3 31. g3 Kf8 32. Kg2 Bd6 33. Kf3 f5 34. exf5 exf5 35. Kg2 Qc6+ 36. f3 (36. Qf3 $5 {[%cal Rf3c6]} Qc8 37. Nf4 $11) 36... Qc3 {Accuracy: White = 71%, Black = 78%.} 1/2-1/2

[Event "Prague Festival Masters 2019"]
[Site "Prague"]
[Date "2019.03.15"]
[Round "9.2"]
[White "Gelfand, Boris"]
[Black "Harikrishna, Pentala"]
[Result "1-0"]
[WhiteElo "2655"]
[BlackElo "2730"]
[Annotator "TA"]
[PlyCount "47"]
[EventDate "2019.03.06"]
[EventType "tourn"]
[EventCountry "CZE"]
[SourceTitle "playchess.com"]
[Source "ChessBase"]
[SourceQuality "1"]

{[%evp 20,47,0,0,9,-8,0,-6,0,-7,62,70,93,92,73,74,103,100,96,93,97,95,152,139,130,129,325,325,583,564]} 1. d4 Nf6 2. c4 e6 3. Nf3 d5 4. g3 Be7 5. Bg2 O-O 6. O-O dxc4 7. Qc2 a6 8. Qxc4 b5 9. Qc2 Bb7 10. Bd2 Be4 11. Qc1 c6 {E05: Open Catalan: 5 Nf3 Be7} (11... Bb7 12. Rd1 Qc8 13. Ba5 c5 14. dxc5 Bxc5 15. Nbd2 Nbd7 16. Nb3 Ba7 17. Qf4 Nb6 18. Bxb6 Bxb6 19. Rac1 Qe8 20. Ne5 Bxg2 21. Kxg2 {½-½ (75) Ding,L (2813)-Radjabov,T (2757) Wijk aan Zee 2019}) 12. Rd1 Nbd7 13. Nc3 Bg6 {The position is equal.} 14. a3 c5 ({Better is} 14... Rc8 $11) 15. Be3 $14 {[#] dxc5 is the strong threat.} Rc8 $146 ({Predecessor:} 15... Qc7 16. Ne5 cxd4 17. Nxg6 hxg6 18. Bxa8 dxe3 19. Nd5 exf2+ {1-0 (80) Hou,Y (2652)-Hammer,J (2621) Moscow 2017}) 16. dxc5 Bxc5 17. Ne5 $1 Qc7 {aiming for ...Bxe3.} 18. Nc6 Rfe8 19. Bxc5 Nxc5 {[#]} 20. Qe3 $1 {[%cal Re3c5]} Nb7 (20... Nce4 $142) 21. Nb4 $16 Nc5 22. Bc6 Nfd7 $2 (22... Qe7 $16 23. Bxe8 Qxe8) 23. Rac1 $18 Qd8 $2 {[#]} (23... Rcd8 24. Bxd7 Rxd7) 24. Nxb5 {Accuracy: White = 78%, Black = 44%.} 1-0